China (Record no. 15766)
[ view plain ]
| 000 -LEADER | |
|---|---|
| fixed length control field | 01327nmm a2200229 a 4500 |
| 001 - CONTROL NUMBER | |
| control field | ASINB003GUBIH0 |
| 005 - DATE AND TIME OF LATEST TRANSACTION | |
| control field | 20170105102925.0 |
| 008 - FIXED-LENGTH DATA ELEMENTS--GENERAL INFORMATION | |
| fixed length control field | 131211s2010 xxu eng d |
| 020 ## - INTERNATIONAL STANDARD BOOK NUMBER | |
| International Standard Book Number | 0007221789 (kindle edition) |
| 040 ## - CATALOGING SOURCE | |
| Original cataloging agency | 0 |
| 050 04 - LIBRARY OF CONGRESS CALL NUMBER | |
| Classification number | DS735 |
| 082 04 - DEWEY DECIMAL CLASSIFICATION NUMBER | |
| Classification number | 951 |
| Author Mark | KEA 2009 |
| 100 1# - MAIN ENTRY--PERSONAL NAME | |
| Personal name | Keay, John. |
| 245 10 - TITLE STATEMENT | |
| Title | China |
| Medium | [electronic resource] : |
| Remainder of title | a history / |
| Statement of responsibility, etc. | John Keay. |
| 260 ## - PUBLICATION, DISTRIBUTION, ETC. | |
| Place of publication, distribution, etc. | [S.l.] : |
| Name of publisher, distributor, etc. | HarperPress, |
| Date of publication, distribution, etc. | 2010. |
| 300 ## - PHYSICAL DESCRIPTION | |
| Extent | 578p |
| 500 ## - GENERAL NOTE | |
| General note | Kindle eBook. |
| 520 ## - SUMMARY, ETC. | |
| Summary, etc. | Three thousand years of Chinese history in an accessible and authoritative single volume. Despite the recent rise of China to a position of dominance on the world economic stage, Chinese history remains an elusive subject. Yet it is this vast narrative of appalling loss, superhuman endeavour and incredible invention that has made China the superpower it is today. From the dawn of legend to the succession of great dynasties, from Confucius to Chairman Mao and from the clamour of revolution to the lure of slick capitalism, John Keay takes the reader on a sweeping tour through Chinese history. This is a definitive and indispensable account of a country set to play a major part in our future. |
| 650 #0 - SUBJECT ADDED ENTRY--TOPICAL TERM | |
| Topical term or geographic name entry element | China |
| 856 40 - ELECTRONIC LOCATION AND ACCESS | |
| Materials specified | Amazon.com |
| Uniform Resource Identifier | <a href="http://www.amazon.com/exec/obidos/ASIN/B003GUBIH0/chopaconline-20">http://www.amazon.com/exec/obidos/ASIN/B003GUBIH0/chopaconline-20</a> |
| 942 ## - ADDED ENTRY ELEMENTS (KOHA) | |
| Source of classification or shelving scheme | |
| Koha item type | Book |
| Withdrawn status | Lost status | Damaged status | Not for loan | Collection code | Permanent Location | Current Location | Shelving location | Date acquired | Total Checkouts | Full call number | Barcode | Date last seen | Price effective from | Koha item type |
|---|---|---|---|---|---|---|---|---|---|---|---|---|---|---|
| Centre for International Peace & Stability (CIPS) | Centre for International Peace & Stability (CIPS) | General Stacks | 10/02/2013 | 951 KEA 2009 | CIPS0001887 | 12/11/2013 | 12/11/2013 | Book |
